000 01127nam a2200253Ia 4500
999 _c39829
_d39829
001 6434
003 GE_BSU
005 20191118145821.0
008 181216s1981||||ge |||||||||||||| ||geo||
040 _cGE_BSU
041 _ageo
080 _a576.3(075.80)
245 _aციტოლოგია
_bსახელმძღვ. პედ. ინ-ტებისათვის /
_cა.ს. ტროშინი, ა.დ. ბრაუნი, ი.ბ. ვახტინი და სხვ. ; რედ. ა.ს. ტროშინი.
264 _aთბილისი :
_bგანათლება,
_c1981.
300 _a325 გვ. ;
_b22 სმ.
504 _aლიტ. სია: გვ.124.
653 _aციტოლოგია
653 _aბიოლოგია
700 _aტროშინი, ა.ს.
_eავტორი
_95406
700 _aბრაუნი, ა.დ.
_eავტორი
_95407
700 _a ვახტინი, ი.ბ. და სხვ.
_eავტორი
_95408
700 _aტროშინი, ა.
_eრედაქტორი
_95409
942 _cBK
_2udc